| 000 | 00658nam a2200229Ia 4500 | ||
|---|---|---|---|
| 003 | OSt | ||
| 005 | 20220928115948.0 | ||
| 006 | a|||||r|||| 00| 0 | ||
| 007 | ta | ||
| 008 | 220927b |||||||| |||| 00| 0 eng d | ||
| 024 | _a45910 | ||
| 037 | _cTextual | ||
| 040 |
_aSDCL _cSDCL _beng |
||
| 041 |
_2eng _aeng |
||
| 082 | _aX:54.2'N9g, N1 | ||
| 100 |
_aIndia,Commerce(Min of) _9446951 |
||
| 245 | 0 | _aITC(HS) classifications of export and import items 1992-1997 | |
| 260 |
_aNew Delhi _bMinistry of Commerce _c1991 |
||
| 300 |
_axi,943p _ccm. |
||
| 942 |
_hX:54.2'N9g, N1 _cTEXL _2CC |
||
| 999 |
_c761675 _d761675 |
||